| 000 | 00487nam a22001697a 4500 | ||
|---|---|---|---|
| 003 | OSt | ||
| 005 | 20130424122148.0 | ||
| 008 | 130424s1943 mx ||||| |||| 00| 0 spa d | ||
| 040 | _cCDMR | ||
| 100 | 1 |
_93259 _aMori, Arturo |
|
| 245 |
_aLa prensa española de nuestro tiempo _cArturo Mori ; prólogo de Álvaro de Albornoz |
||
| 260 |
_aMéxico _bMensaje _c1943 |
||
| 300 | _a221 p. | ||
| 650 | 0 | 4 |
_92742 _aPremsa _xHistòria _zEspanya |
| 700 | 1 |
_93260 _aAlbornoz, Álvaro de |
|
| 942 |
_2udc _cMON |
||
| 999 |
_c6124 _d6124 |
||